000
00350nam a2200145Ia 4500
008
210716s1991 xx 000 0 und d
041
_a
eng
082
_a
005.263W SIMA
100
_a
Simpson, Alan.
245
_a
Mastering Wordperfect 5.1.
250
_a
1
260
_a
New Delhi
_b
BPB Publications
_c
1991
300
_a
xxxix,1044
650
_a
None
999
_c
182806
_d
182806